| 000 | 00925nam a2200289 i 4500 | ||
|---|---|---|---|
| 001 | bg | ||
| 003 | BPK | ||
| 005 | 20211216135237.0 | ||
| 008 | 020801s2002 pl a |000 0 pol | ||
| 015 | _aPB 2002/12932 | ||
| 020 | _a8372512280 | ||
| 040 |
_aWA N _cBPK |
||
| 080 | _a658.1/.5 | ||
| 080 | _a004.738.5 | ||
| 080 | _a339.138 | ||
| 100 | 1 |
_aGrudzewski, Wiesław Maria _d(1933-2018) _eAutor |
|
| 245 | 1 | 0 |
_aPrzedsiębiorstwo wirtualne / _cWiesław M. Grudzewski, Irena K. Hejduk. |
| 260 |
_aWarszawa : _b"Difin", _c2002. |
||
| 300 |
_a192 s. : _bil. ; _c23 cm. |
||
| 504 | _aBibliogr. | ||
| 546 | _aWstęp równol. pol. ang. | ||
| 650 | 4 | _aPrzedsiębiorstwo wirtualne | |
| 710 | 2 |
_aDifin _4pbl. |
|
| 700 | 1 |
_aHejduk. Irena K. _d(1949- 2018) _eAutor |
|
| 856 |
_uhttp://koha.tu.koszalin.pl/cgi-bin/koha/opac-detail.pl?biblionumber=41549 _yKatalog online BPK |
||
| 942 |
_2UKD _cKS |
||
| 999 |
_c41549 _d41549 |
||